=LDR 00000nam 2200000 4500 =001 INLIS000000000001520 =005 20201117023208 =035 ##$$a 0010-061300000001520 =008 201117################g##########0#ind## =041 ##$$a Ind =082 ##$$a 320.092 =090 ##$$a 320.092, Par-p =245 ##$$a Para tokoh dibalik reformasi episode sang oposan : $b Lokomotif itu bernama Amin Rais /$c Penyunting Bambang Trimansyah =260 ##$$a Bandung :$b Zaman,$c 1998 =300 ##$$a xii, 84 hlm. : $b ilus ; $c 12,5x21 cm. =650 #4$$a Politisi =700 #$$a Trimansyah, Bambang =850 ##$$a NBPNMAT =084 ##$$a 320.092 PAR p =504 ##$$a Bibliografi : hlm. 71 -72 =504 ##$$a Indeks : hlm. 73 -78 =990 ##$$a 139.215/Pb.98 =990 ##$$a 139.216/Pb.98 =990 ##$$a 139.217/Pb.98 =990 ##$$a 139.217/Pb.98 =990 ##$$a 139.215/Pb.98 =990 ##$$a 139.216/Pb.98